1614 1392 1309 1707 1535 1994 1523 1635 1574 1819 1926 1408 1593 1335 1503 1501 1023 1134 1563 1420 1610 1690 1726 1850 1895 1895 1877 1960 1029 1938 1016 1649 1331 1373 1624 1994 1206 1366 1008 1232 1884 1723 1431 1229 1978 1992 1605 1033 1424 1832 1199 1281 1508 1338 1863 1420 1699 1507 1826 1589 1903 1797 1221 1445 1236 1693 1101 1842 1622 1125 1751 1231 1688 1579 1474 1316 1748 1885 1944 1614 1606 1616 1280 1317 1639 1386 1989 1839 1355 1190 1585 1206 1620 1301 1421 1744 1221 1735 1818 BCNSPRNW ULIB Ver.6.0+V

เปลี่ยนเป็นภาษาไทย

Change to English
 แสดงรายละเอียดบรรณานุกรม
  กลับหน้าหลัก

Brief Record : Get Marc (ISO 2709) : E-mail record : QR code < ปิดหน้าต่าง
LEADER : 00000nam 2200000uu 4500
001    13399112546
003     ULIB
008    110824s2554||||th 000 0 tha d
020    9786165001304
090    นว.^bร147ค 2554
100 0  ร่มแก้ว
245 00 คุณชายปวรรุจ/^cร่มแก้ว
250    พิมพ์ครั้งที่ 4
260    กรุงเทพฯ :^bพิมพ์คำ,^c2554
300    328 หน้า
490 0  นวนิยายชุด สุภาพบุรุษจุฑาเทพ
945    ^p220^l0^i18515
995    กัณชพร
999    ^aใช้งานได้ทุกระบบ
รายการนี้ยังไม่มีแท็ก
คุณยังไม่ได้ล็อกอิน คุณสามารถมีกิจกรรมร่วมกับเว็บไซต์ได้ แต่ต้องล็อกอินก่อน ::
  ล็อกอิน

รายการสื่อสารสนเทศ

ลำดับที่ ประเภท เลขเรียก/บาร์โค้ด สถานที่ สถานะ
1. นวนิยาย
นวนิยาย
นว. ร147ค 2554  
  Barcode: 18515
ห้องสมุดวิทยาเขตสวรรค์ประชารักษ์
►นวนิยาย
บนชั้น
  ขอยืม

รายการใกล้เคียง
    ผู้แต่ง [ร่มแก้ว]

BibComment


ยังไม่เคยถูกคอมเมนท์

คอมเมนท์ทรัพยากรรายการนี้
  คอมเมนท์: คุณชายปวรรุจ ร่มแ..


 Copyright 2026. Bcnsprnw @Library